Welcome to the Holygrace Academy Library

Please use search bar below to get started

DIARY OF A WIMPY KID (Record no. 6169)

MARC details
000 -LEADER
fixed length control field 00651nam a22001457a 4500
020 ## - INTERNATIONAL STANDARD BOOK NUMBER
ISBN 978-0-141-32490-6
082 ## - DEWEY DECIMAL CLASSIFICATION NUMBER
Classification number 823
Item number KIN/D
100 ## - MAIN ENTRY--AUTHOR NAME
Personal name KINNEY, JEFF
245 ## - TITLE STATEMENT
Title DIARY OF A WIMPY KID
260 ## - PUBLICATION, DISTRIBUTION, ETC. (IMPRINT)
Place of publication ENGLAND
Name of publisher PUFFIN BOOKS
Year of publication 2007
300 ## - PHYSICAL DESCRIPTION
Number of Pages 217
520 ## - SUMMARY, ETC.
Summary, etc It's a new school year, and Greg Heffley finds himself thrust into middle school, where undersized weaklings share the hallways with kids who are taller, meaner, and already shaving. The hazards of growing up before you're ready are uniquely revealed through words and drawings as Greg records them in his diary.
650 ## - SUBJECT ADDED ENTRY--TOPICAL TERM
Topical Term YOUNG ADULT COMEDY FICTION
Geographic subdivision UNITED KINGDOM
942 ## - ADDED ENTRY ELEMENTS (KOHA)
Koha item type Books
Holdings
Withdrawn status Lost status Collection code Home library Current library Shelving location Date acquired Source of acquisition Full call number Accession Number Koha item type
    Fiction Main Library Main Library SHELF 15 H-HARRY POTTER(CHARACTERISATION),WIMPY KID,DORK DIARIES 05/09/2012 purchase 823 KIN/D 06402 Books
    Fiction Main Library Main Library SHELF 15 H-HARRY POTTER(CHARACTERISATION),WIMPY KID,DORK DIARIES 23/01/2019 purchase 823 KIN/D 10579 Books